| Tag |
First Indicator |
Second Indicator |
Subfields |
| LEADER |
00000cam a2200000Ia 4500 |
| 001 |
in00000062110 |
| 005 |
20190207093442.0 |
| 008 |
800507s1979 txuach b 001 0 eng d |
| 035 |
|
|
|a (OCoLC)ocn864441815
|
| 035 |
|
|
|9 AAG9276AM
|
| 035 |
|
|
|a (OCoLC)864441815
|
| 040 |
|
|
|a TXA
|c TXA
|d UtOrBLW
|
| 043 |
|
|
|a n-us-tx
|
| 049 |
|
|
|a TXAS
|c [1102692]
|
| 090 |
|
|
|a GT617.T4
|b H65 1979b
|
| 100 |
1 |
|
|a Holman, David.
|
| 245 |
1 |
0 |
|a Buckskin and homespun :
|b frontier Texas clothing, 1820-1870 /
|c by David Holman & Billie Persons ; drawings by Pat Massey.
|
| 250 |
|
|
|a Deluxe [ed.].
|
| 264 |
|
1 |
|a Austin :
|b Wind River Press,
|c [1979]
|
| 264 |
|
4 |
|c ©1979
|
| 300 |
|
|
|a 130 pages, 7 unnumbered leaves of mounted samples :
|b illustrations (some color), facsimiles, portraits (some color), textiles ;
|c 35 cm.
|
| 336 |
|
|
|a text
|b txt
|2 rdacontent
|
| 337 |
|
|
|a unmediated
|b n
|2 rdamedia
|
| 338 |
|
|
|a volume
|b nc
|2 rdacarrier
|
| 500 |
|
|
|a The Cushing Library/Chapman Texas Collection copy is part of the Floyd & Louise Chapman Texas & Borderlands Collection.
|5 TXA
|
| 500 |
|
|
|a The colored illustrations are mounted.
|
| 500 |
|
|
|a "... bound with cotton cloth hand-woven by Marion Sherry ... fifty deluxe copies"--Colophon. Signed by David Holman.
|
| 500 |
|
|
|a The Cushing Library/Texas and Borderlands Collection is no. 22 and is signed by the author.
|
| 500 |
|
|
|a The Cushing Library/Lowman/Book Design copy is no. 8 and is signed by the author.
|
| 500 |
|
|
|a "Homespun samples" leaves at end.
|
| 504 |
|
|
|a Includes bibliographical references and index.
|
| 650 |
|
0 |
|a Clothing and dress
|z Texas
|x History
|y 19th century.
|
| 650 |
|
0 |
|a Leather garments
|z Texas
|x History
|y 19th century.
|
| 650 |
|
0 |
|a Textile fabrics
|z Texas
|x History
|y 19th century.
|
| 650 |
|
0 |
|a Frontier and pioneer life
|z Texas.
|
| 651 |
|
0 |
|a Texas
|x Social life and customs.
|
| 700 |
1 |
|
|a Persons, Billie.
|
| 700 |
1 |
|
|a Massey, Pat.
|
| 994 |
|
|
|a C0
|b TXA
|
| 948 |
|
|
|a cataloged
|b h
|c 2013/12/2
|d o
|e nbehmer
|f 12:56:08 pm
|
| 999 |
|
|
|a MARS
|
| 999 |
f |
f |
|s aa599b50-1a28-39d4-987f-6064f178ccd1
|i e0c6813d-72d6-3a82-ab4b-c918cb50b3de
|t 0
|
| 952 |
f |
f |
|p noncirc
|a Texas A&M University
|b College Station
|c Cushing Memorial Library & Archives
|d Cushing: Lowman (Does not check out)
|t 0
|e GT617.T4 H65 1979b
|f Oversize
|h Library of Congress classification
|i unmediated -- volume
|
| 952 |
f |
f |
|p noncirc
|a Texas A&M University
|b College Station
|c Cushing Memorial Library & Archives
|d Cushing: Chapman Texas Collection (Does not check out)
|t 0
|e GT617.T4 H65 1979b
|f Oversize
|h Library of Congress classification
|i unmediated -- volume
|m A14800489081
|
| 998 |
f |
f |
|a GT617.T4 H65 1979b
|t 0
|l Cushing: Lowman (Does not check out)
|
| 998 |
f |
f |
|a GT617.T4 H65 1979b
|t 0
|l Cushing: Chapman Texas Collection (Does not check out)
|